000 01106 a2200265 4500
001 50121
005 20260407155801.0
008 260407a1972 arg spa d
003 AR-UNSa-BCEJYS
040 _aAR-UNSa-BCEJYS
_bspa
_cAR-UNSa-BCEJYS
080 _a330.1
_xCiencia económica. Conceptos fundamentales de teoría económica. Valor. Capital. Fondos
245 1 0 _aCrítica a la ciencia económica
264 1 _aBuenos Aires :
_bEdiciones Periferia
_c1972
300 _a187 p.
_c20 cm.
505 _a1. Crítica a la economía - 2. La economía como un sistema de creencias - 3. La economía como una ciencia moral - 4.Elementos científicos e ideológicos en la teoría económica de la política gubernamental - 5. Un enfoque crítico de la enseñanza actual de la economía: bases para un nuevo curriculum.
041 _aspa
942 _cBK
590 _aniveau_biblio:m niveau_hierar:0
100 1 _aSweezy, Paul M.
700 1 _aGalbraith, John Kenneth
700 1 _aBoulding, Kenneth E.
700 1 _aO`Connor, James
700 1 _aEdwards, Richard C.
700 1 _aMacEwan, Arthur
999 _c4963
_d4963